NASCAR Truck Series 2023 laps led - Statistics

General Stats
  • This quiz has been taken 6 times
  • The average score is 22 of 36
Answer Stats
Hint Answer % Correct
271 Carson Hocevar
100%
611 Corey Heim
100%
151 Kyle Busch
100%
112 Ben Rhodes
83%
232 Grant Enfinger
83%
2 Hailie Deegan
83%
138 Kyle Larson
83%
33 Matt Crafton
83%
26 Tanner Gray
83%
2 Taylor Gray
83%
17 William Byron
83%
227 Zane Smith
83%
351 Christian Eckes
67%
5 Daniel Dye
67%
1 Kaden Honeycutt
67%
309 Nick Sanchez
67%
1 Rajah Caruth
67%
10 Ross Chastain
67%
2 Timmy Hill
67%
15 Tyler Ankrum
67%
22 Brett Moffitt
50%
23 Chase Purdy
50%
2 Colby Howard
50%
19 Corey Lajoie
50%
4 Jack Wood
50%
138 Joey Logano
50%
484 Ty Majeski
50%
2 Bayley Currey
33%
5 Bret Holmes
33%
13 Bubba Wallace
33%
53 John Hunter Nemechek
33%
16 Matt Dibenedetto
33%
10 Parker Kligerman
33%
13 Stewart Friesen
33%
1 Kris Wright
17%
5 Kaz Grala
0%
No matching quizzes found
Score Distribution
Percent of People with Each Score
Percentile by Number Answered
Your Score History
You have not taken this quiz